| 000 | 01081cam a2200217 i 4500 | ||
|---|---|---|---|
| 005 | 20260125123212.0 | ||
| 008 | 250721s2006 jo gr 000 0 ara d | ||
| 020 | _a995711655X | ||
| 082 | 1 | 4 |
_a346.02 _bأ ح م |
| 100 | 1 |
_aأحمد، آمانج رحيم _eمؤلف. |
|
| 245 | 1 | 2 |
_aالتراضي في العقود الإلكترونية عبر شبكة الإنترنت : _bدراسة تحليلية مقارنة في ضوء القانون المدني العراقي وقوانين التجارة والمعاملات الإلكترونية في كل من ( الولايات المتحدة ، كندا ، تونس ، الأردن مملكة البحرين، إمارة دبي) / _cتأليف آمانج رحيم أحمد. |
| 250 | _aالطبعة الأولى. | ||
| 264 | 3 | 1 |
_aعمان : _bدار وائل للنشر، _c2006. |
| 300 | _a281 صفحة. | ||
| 650 | 1 | 7 | _aالقانون الخاص. |
| 650 | 1 | 7 | _aالعقود. |
| 650 | 1 | 7 | _aالإلتزامات. |
| 650 | 1 | 7 | _aالعقود الدولية. |
| 942 |
_2ddc _cBK |
||
| 999 |
_c105445 _d105445 |
||